[Event "Lidums Checkmate Op"]
[Site "Adelaide"]
[Date "2007.07.08"]
[Round "7.21"]
[White "Voon, Richard"]
[Black "Szuveges, Narelle"]
[Result "0-1"]
[Annotator "Fritz 10"]
[BlackElo "1702"]
[EventCountry "AUS"]
[EventDate "2007.07.07"]
[EventRounds "7"]
[EventType "swiss"]
[PlyCount "162"]
[TimeControl "240+2"]
[WhiteElo "1903"]

{ A38: Symmetrical English vs ...g6: 4 Bg2 Bg7 5 Nf3 Nf6 } 1. Nf3 g6 2. c4 c5 3.
Nc3 Nc6 4. d4 cxd4 5. Nxd4 Bg7 6. Nc2 Nf6 7. g3 O-O 8. Bg2 b6 9. O-O Bb7 10. b3
d6 ( 10... Rc8 11. Bb2 d6 12. Nd5 Nd7 13. Bxg7 Kxg7 14. Qd2 a6 15. Rfd1 Ba8 16.
Nce3 b5 17. Qb2+ Kg8 18. Rac1 bxc4 19. Nxc4 Rb8 20. Nce3 h5 21. Qa3 Bb7 22. Nf4
Nb4 23. Bxb7 Rxb7 24. Nfd5 a5 { 1/2-1/2 Maletin,P  ( 2538 ) -Savchenko,B  (
2569 ) /Cheboksary 2006/CBM 112}  )11. Bb2 Qd7 $146 ( 11... Na5 12. Nd5 e6 13.
b4 exd5 14. bxa5 Rc8 15. Ne3 bxa5 16. cxd5 Ba6 17. Bd4 Nd7 18. Bxg7 { 1/2-1/2
Csom,I  ( 2505 ) -Radulov,I  ( 2505 ) /Surakarta 1982/MCD}  )( 11... Qc7 12.
Rc1 Rac8 13. Bh3 Rcd8 14. Nd5 Nxd5 15. Bxg7 Ne3 16. Nxe3 Kxg7 17. Qd2 f5 18.
Nd5 Qd7 19. Bg2 Ne5 20. Nf4 Bxg2 21. Kxg2 e6 22. Rfd1 Ng4 23. f3 Nf6 24. Qe3
Rfe8 25. Rc2 g5 26. Nh5+ { Loehr,M-Stillger,B  ( 2285 ) /Germany
1995/GER/1/2-1/2  ( 43 )}  )12. Rb1 ( 12. Nd5 Ne8 13. Bxg7 Kxg7 $14 )12... Rfd8
( 12... e6 13. Qd2 $11 )13. e4 e6 { Secures d5}  14. Ne3 a6 { Prevents
intrusion on b5}  15. a4 ( 15. f4 $11 $142)15... Qc7 $4 { gives the opponent
new chances}  ( 15... Rac8 16. h3 $11 )16. Qd2 $4 { forfeits the advantage}  (
16. Ncd5 $142 { with excellent chances for White}  16... Nxd5 17. cxd5 $18
)16... Rd7 17. Rfd1 Rad8 $4 { a transit from better to worse}  ( 17... Rc8 18.
h3 $11 )18. f4 $4 { hands over the advantage to the opponent}  ( 18. Ncd5 $142
{ White would have gained the upper hand}  18... Nxd5 19. cxd5 $18 ( 19. exd5
$6 Ne7 $18 ))18... Ne7 19. Qe2 { White has an active position}  19... Qc5 20.
Kh1 d5 ( 20... Qc7 $5 $11 { is worth consideration} )21. e5 { White threatens
to win material: e5xf6}  ( 21. cxd5 exd5 22. e5 d4 $16 )21... Ne8 ( 21... Ne4
$5 22. Nxe4 dxe4 23. Rxd7 Rxd7 $16 )22. cxd5 Nxd5 ( 22... exd5 23. Rdc1 Qc8 24.
Ncxd5 Qb8 25. Nxe7+ Rxe7 $18 )23. Nexd5 ( 23. Ncxd5 $5 $142 exd5 24. Bd4 $18
)23... exd5 $16 { Black has a new passed pawn: d5}  24. Rd2 ( 24. Na2 Qe7 $16
)24... d4 25. Ne4 Bxe4 ( 25... Qb4 26. Rd3 $14 )26. Bxe4 b5 ( 26... f6 $5 27.
Rc1 Qb4 $18 )27. axb5 axb5 28. Qd3 ( 28. Rc1 Qb6 $18 )28... Nc7 { Begins the
manoeuvre Ne8-c7-b5-c3}  ( 28... f6 $5 $142 29. e6 Re7 30. Bxd4 Qh5 $18 )29.
Rc1 $18 Qb6 ( 29... Qe7 $142 30. Bc6 f6 31. Bxd7 Rxd7 32. exf6 Bxf6 $18 )30.
Ba3 ( 30. Bc6 $5 $18 $142)30... b4 ( 30... Nd5 31. Bc5 ( 31. Qxd4 $143 Qa5 $15
)31... Qa6 32. Bxd4 ( 32. Qxd4 $143 Nb6 33. Bxb6 Rxd4 34. Bxd4 Qe6 $11 )32...
Nxf4 33. gxf4 Rxd4 34. Qxd4 Rxd4 35. Rxd4 $14 )31. Bb2 Nb5 32. Ra1 ( 32. Bc6 $5
$142 Nc3 33. Bxd7 Rxd7 34. Qc4 $16 ( 34. Bxc3 $6 bxc3 35. Ra2 Qxb3 36. Ra8+ Bf8
$14 ))32... Nc3 $14 { The knight dominates}  33. Bf3 ( 33. Ra6 Qc5 $14 )33...
Ra7 34. Rxa7 Qxa7 35. Qc4 { White threatens to win material: Qc4xb4}  35... Qb6
36. Kg2 Bf8 37. Rf2 ( 37. Rd3 Qc5 $11 )37... Bc5 38. h4 $4 { White has let it
slip away}  ( 38. Rd2 Bf8 $11 )38... Qb5 ( 38... d3 39. Bxc3 bxc3 $19 ( 39...
Bxf2 $6 { is much worse}  40. Qxb4 Qxb4 41. Bxb4 $19 ))39. Qxb5 $11 Nxb5 40. h5
( 40. Be4 $11 $142 { would allow White to play on} )40... d3 $17 41. Rf1 d2 42.
hxg6 hxg6 43. Bd1 $2 ( 43. Ra1 Bd4 44. Ra5 Nc7 45. Bxd4 Rxd4 $19 )43... Bd4 $4
{ Black lets it slip away}  ( 43... Ra8 $142 { secures the point}  44. e6 Nc3
45. Bxc3 bxc3 $19 )44. Bxd4 $17 Rxd4 45. Kf3 Rd3+ 46. Ke2 Rxg3 ( 46... Rd5 $5
$17 $142)47. Kxd2 $11 Nd4 { Attacking the isolated pawn on b3}  48. Kc1 ( 48.
Re1 $5 $11 { looks like a viable alternative} )48... Nxb3+ 49. Kb2 ( 49. Bxb3
$5 Rxb3 50. Kd2 $17 )49... Nd4 50. Rf2 Kf8 51. Ba4 Ke7 52. Rd2 Ne6 53. Rd7+ (
53. Rf2 Re3 $19 )53... Kf8 54. Rb7 Nxf4 55. Bb3 ( 55. Rb8+ Kg7 56. Rb5 $19
)55... Ne6 ( 55... Nd3+ $142 { and Black can already relax}  56. Kc2 Nc5 57.
Rxf7+ Ke8 $19 )56. Rb5 $4 { White has lost his nerve... understandable when you
consider his position}  ( 56. Bxe6 $142 fxe6 57. Rb8+ Kg7 58. Rb7+ Kh6 59. Rb6
$19 )56... Nc5 { Black threatens to win material: Nc5xb3}  ( 56... Rxb3+ $142 {
and Black wins}  57. Kxb3 Nd4+ 58. Kxb4 Nxb5 $19 )57. Rb8+ $4 { with this move
White loses his initiative}  ( 57. Rxc5 $142 { this is the best way to fight
back}  57... Re3 58. Rc8+ Ke7 59. Rc7+ Kd8 60. Rc5 $11 )57... Ke7 $19 58. Ba2 (
58. Bd5 { cannot undo what has already been done}  58... Re3 59. Rb5 Re2+ 60.
Kb1 Rxe5 $19 )58... Nd3+ ( 58... b3 $142 { seems even better}  59. Bb1 $19 )59.
Kc2 Nxe5 60. Rb5 ( 60. Rxb4 Rg2+ 61. Kb3 g5 $19 )60... Nd7 ( 60... Nc6 { keeps
an even firmer grip}  61. Rb7+ Kd6 62. Bxf7 $19 )61. Rb7 ( 61. Rxb4 Rg2+ 62.
Kb1 f5 $19 )61... f5 62. Bc4 ( 62. Rxb4 { cannot change destiny}  62... Rg2+
63. Kb1 g5 $19 )62... Kd6 ( 62... Rc3+ $142 { secures victory}  63. Kd2 Rxc4
$19 )63. Bf7 ( 63. Rxb4 { does not win a prize}  63... Rg4 64. Kc3 Ne5 $19
)63... Ne5 64. Be8 Kd5 ( 64... Rc3+ $142 { makes it even easier for Black}  65.
Kd2 Rc4 66. Bxg6 Rd4+ 67. Ke3 Re4+ 68. Kd2 Nxg6 69. Rb6+ Kd5 70. Rxg6 Rd4+ 71.
Kc2 $19 )65. Rb6 ( 65. Rb5+ { doesn't improve anything}  65... Kd4 66. Rxb4+
Ke3 67. Rb3+ Kf2 $19 )65... g5 ( 65... Kc4 $142 { might be the shorter path} 
66. Bb5+ Kc5 67. Rb8 b3+ 68. Kb2 $19 )66. Rb5+ Ke4 67. Rxb4+ Ke3 68. Rb5 Nf3
69. Rb3+ Kf2 70. Rb2 ( 70. Rb4 { is not much help}  70... Ne1+ 71. Kd2 Rd3+ 72.
Kc1 f4 $19 )70... Nd4+ 71. Kd2 ( 71. Kb1+ { does not solve anything}  71... Ke3
$19 )71... f4 ( 71... Re3 { might be the shorter path}  72. Bb5 Nxb5 73. Kd1+
Kf1 74. Rxb5 $19 )72. Bd7 ( 72. Bh5 { doesn't change the outcome of the game} 
72... Rh3 73. Bg4 Rb3 $19 )72... Re3 73. Rb4 ( 73. Bg4 { is no salvation} 
73... Kg3 74. Bd1 Nf3+ 75. Kc1 Ne5 $19 )73... Nf3+ 74. Kc2 Ne5 75. Be6 ( 75.
Bc8 $19 { no good, but what else?} )75... Nc6 76. Rb6 ( 76. Rxf4+ { is not the
saving move}  76... gxf4 77. Bf7 Ke1 $19 )76... Rxe6 77. Kc3 g4 78. Rb2+ Re2
79. Rb6 Ne5 80. Kd4 g3 81. Rf6 f3 ( 81... f3 82. Rf8 g2 83. Rf4 g1=Q 84. Re4
Rd2+ 85. Kxe5 Qg5+ 86. Ke6 Qg6+ 87. Ke7 Qxe4+ 88. Kf7 Rd6 89. Kg8 Rd7 90. Kh8
Qh7# ) 0-1

[Event "Lidums Checkmate Op"]
[Site "Adelaide"]
[Date "2007.07.08"]
[Round "7.22"]
[White "Gibbs, Glen B"]
[Black "McColl, Kevin"]
[Result "0-1"]
[Annotator "Fritz 10"]
[BlackElo "1900"]
[EventCountry "AUS"]
[EventDate "2007.07.07"]
[EventRounds "7"]
[EventType "swiss"]
[PlyCount "88"]
[WhiteElo "1800"]

{ D98: Grünfeld: Russian System: 7 e4 Bg4 } 1. d4 Nf6 2. c4 g6 3. Nf3 Bg7 4.
Nc3 d5 5. Qb3 dxc4 6. Qxc4 O-O 7. e4 Bg4 8. Be2 Nfd7 9. Be3 Nb6 10. Qd3 Nc6 11.
Rd1 f5 ( 11... Qc8 12. Qc2 e5 13. d5 Bxf3 14. Bxf3 Nd4 15. Bxd4 exd4 16. Ne2 c6
17. dxc6 Qxc6 18. Qxc6 bxc6 19. e5 Rae8 20. Rxd4 c5 21. Rd2 Nc4 22. Rc2 Nxe5
23. b3 c4 24. O-O cxb3 25. axb3 Nxf3+ 26. gxf3 { Andersson,U  ( 2630 )
-Kortschnoj,V  ( 2635 ) /London 1984/MCL/1/2-1/2  ( 50 )}  )( 11... Nb4 12. Qb1
Bxf3 13. gxf3 e6 14. h4 Nc6 15. e5 Nd5 16. Nxd5 Qxd5 17. h5 Rfd8 18. hxg6 hxg6
19. b3 Ne7 20. Bc1 Nf5 21. Bb2 c5 22. dxc5 Qxc5 23. Rc1 Qd5 24. Qa1 Rac8 25.
Rxc8 Qd2+ 26. Kf1 { Viana,A-Pelikian,J  ( 2385 ) /Vitoria 2006/CBM 114 ext/0-1 
( 31 )}  )12. e5 $146 { White gains space}  ( 12. exf5 Bxf5 13. Qb5 Qd6 14. O-O
Rad8 15. Qb3+ e6 16. Nh4 Qb4 17. Qxb4 Nxb4 18. g4 Bc2 19. Rd2 Ba4 20. Nxa4 Nxa4
21. Nf3 Nd5 22. Rc2 Nab6 23. Bg5 Rd7 24. Ne5 Rd6 25. Bf3 c6 26. Bd2 Rdd8 {
Castillo,M-Rossetto,H/Mar del Plata 1950/MCL/0-1  ( 49 )}  )( 12. d5 Bxf3 13.
gxf3 Ne5 $14 )12... f4 $11 13. Bc1 Bf5 { Black threatens to win material:
Bf5xd3}  ( 13... Qd7 14. Qe4 $11 )14. Qd2 ( 14. Qb5 Bc2 15. Rd2 a6 $14 )14...
Nb4 15. a3 { White threatens to win material: a3xb4}  15... Nc2+ ( 15... N4d5
16. O-O $11 )16. Kf1 $14 { White loses the right to castle}  16... Na1 17. Bd3
( 17. Qxf4 Nb3 18. Be3 Qd7 $16 )17... Nb3 18. Qc2 Nxc1 ( 18... Bxd3+ 19. Rxd3
Nxc1 20. Rd1 $14 )19. Bxf5 $14 Rxf5 20. Rxc1 e6 { Prevents intrusion on d5}  (
20... Kh8 21. Qb3 $14 )21. Ke2 ( 21. Qb3 $5 $142 Qd7 22. Ne4 $16 )21... c5 $11
22. Rhd1 ( 22. dxc5 $5 Nd7 23. Rhd1 $14 )22... cxd4 $15 23. Rxd4 Rxe5+ ( 23...
Qe7 24. Qb3 $15 )24. Kf1 $11 Rd5 { Black threatens to win material: Rd5xd4} 
25. Nxd5 Bxd4 26. Nxf4 e5 $2 ( 26... Rc8 $142 { and Black can hope to survive} 
27. Qd2 Rxc1+ 28. Qxc1 Bg7 $11 )27. Ne6 ( 27. Nxg6 Qd6 28. Qb3+ Kg7 $18 )27...
Qd7 $16 28. Qb3 Nd5 $4 { simply worsens the situation}  ( 28... Qd5 29. Qxd5
Nxd5 30. Rd1 $16 )29. Nexd4 ( 29. Nfxd4 $142 { finishes off the opponent} 
29... exd4 30. Nf4 $18 ( 30. Nxd4 $6 Re8 $16 ))29... exd4 30. Ne5 Qe6 31. Qg3
$4 { weakening the position}  ( 31. Qxb7 $142 Rf8 32. Nf3 $18 )31... Re8 32. f4
$4 ( 32. Nd3 $11 $142 { was much better} )32... Nxf4 $1 $19 { Decoy: f4.}  33.
Qxf4 Rf8 ( 33... Qxe5 $6 { succumbs to}  34. Qxe5 Rxe5 35. Rc7 $15 )34. Qxf8+
Kxf8 35. Nd3 ( 35. Re1 $19 { what else?} )35... Qf5+ 36. Nf2 Qb5+ 37. Ke1 ( 37.
Kg1 { doesn't change anything anymore}  37... Qxb2 38. Rd1 Qxa3 39. Rxd4 b5 40.
Rd8+ Ke7 $19 )37... Qxb2 38. Rc8+ Kg7 ( 38... Ke7 $5 { might be the shorter
path}  39. g3 Qxa3 40. Rc7+ Ke6 41. Rxb7 $19 )39. Rc7+ Kf6 ( 39... Kg8 $142 {
keeps an even firmer grip}  40. Rc8+ Kf7 41. Rc7+ Ke6 $19 )40. Ne4+ ( 40. Rxh7
{ doesn't change anything anymore}  40... Qxa3 41. Rh3 Qb4+ 42. Kd1 Qb1+ 43.
Ke2 Qb2+ 44. Kd3 Ke5 $19 )40... Ke5 ( 40... Ke6 $142 { ends the debate}  41.
Ng3 d3 42. Rc4 $19 )41. Re7+ Kf5 ( 41... Kd5 $142 { and Black can already
relax}  42. Nf2 Kd6 $19 )42. Nd2 ( 42. Nf2 $19 { praying for a miracle} )42...
Qc1+ 43. Ke2 d3+ $1 { Double attack: e7/d3}  44. Kxd3 Qxa3+ ( 44... Qxa3+ 45.
Kc2 Qxe7 $19 ) 0-1

[Event "Lidums Checkmate Op"]
[Site "Adelaide"]
[Date "2007.07.08"]
[Round "7.23"]
[White "Slidziunas, John"]
[Black "Huynh, Arthur"]
[Result "1/2-1/2"]
[Annotator "Fritz 10"]
[BlackElo "1833"]
[EventCountry "AUS"]
[EventDate "2007.07.07"]
[EventRounds "7"]
[EventType "swiss"]
[PlyCount "108"]
[WhiteElo "1671"]

{ B01: Scandinavian Defence } 1. e4 d5 2. exd5 Qxd5 3. Nc3 Qd6 4. d4 Nf6 5. Nf3
a6 6. h3 e6 7. Bd3 ( 7. Be3 b5 8. a3 Bb7 9. Be2 Nbd7 10. O-O c5 11. dxc5 Qxd1
12. Raxd1 Bxc5 13. Bxc5 Nxc5 14. Ne5 Ke7 15. Rd4 Rhd8 16. Rfd1 Rxd4 17. Rxd4
Rc8 18. f3 g5 19. h4 h6 20. Kf2 Ncd7 21. Nxd7 Nxd7 { Ferguson,M  ( 2360 )
-Bronstein,D  ( 2445 ) /Hastings 1995/CBM 050 ext/1/2-1/2}  )7... b5 $146 (
7... Nbd7 8. Qe2 ( 8. Ne4 Nxe4 9. Bxe4 c5 10. c3 Nf6 { 1/2-1/2 Ramaswamy,A  (
2216 ) -Cruz,F  ( 2397 ) /Sitges 2006/CBM 113 ext}  )8... c5 9. Be3 b5 10. Ne4
Qc7 11. dxc5 Bxc5 12. Bxc5 Nxc5 13. Nxc5 Qxc5 14. O-O Bb7 15. a4 b4 16. Qe5 Qe7
17. Nd2 O-O 18. Rae1 Rfd8 19. f4 Nd7 20. Qe2 Nc5 21. Ne4 b3 22. Nxc5 { Wood,D 
( 2285 ) -Bronstein,D  ( 2445 ) /Hastings 1995/CBM 048 ext/0-1  ( 41 )}  )(
7... Be7 8. O-O O-O 9. Bg5 Nbd7 10. Qd2 c5 11. Bf4 Qb6 12. Be5 cxd4 13. Bxd4
Qc7 14. Rfe1 Bc5 15. Bxf6 Nxf6 16. Ne4 Nxe4 17. Rxe4 Be7 18. Rc4 Qb8 19. Re1 b5
20. Rd4 Bb7 21. Rd7 Bxf3 22. Rxe7 { Dembo,Y  ( 2402 ) -Gvetadze,S  ( 2283 )
/Chisinau 2005/CBM 106 ext/1/2-1/2  ( 66 )}  )( 7... Bd7 8. O-O $14 )8. O-O {
Black has a cramped position}  ( 8. Ne4 $5 Qd5 9. Nxf6+ gxf6 10. O-O $16 )8...
Bb7 $14 { White has an active position}  9. Re1 Nbd7 10. Ne4 Nxe4 11. Bxe4 ( {
Worse is } 11. Rxe4 Bxe4 12. Bxe4 Rb8 $15 )11... Bxe4 12. Rxe4 c5 ( 12... Qd5
13. Rg4 $14 )13. Bf4 { White threatens to win material: Bf4xd6}  ( 13. a4 b4
$16 )13... Qd5 $14 { Black threatens to win material: Qd5xe4}  14. Qe2 Bd6 15.
Bxd6 Qxd6 16. Rd1 Nf6 17. dxc5 Qxc5 { Black king safety dropped.}  18. Re5 {
White threatens to win material: Re5xc5}  18... Qc7 19. c3 O-O 20. a3 Rfd8 21.
Re1 Rac8 22. Ng5 h6 { Black threatens to win material: h6xg5}  23. Nf3 Qc4 24.
Nd4 Qxe2 25. R1xe2 ( { Instead of } 25. Nxe2 Rd2 26. Rb1 Nd7 $17 )25... Rd5 26.
f3 { Covers e4+g4}  26... Kf8 27. Kf2 Rcc5 28. Rxd5 Nxd5 ( 28... Rxd5 $142 {
and Black is still in the game}  29. f4 g5 $11 )29. Rxe6 $1 $16 { Double
attack: c5/f8. .}  29... Rxc3 $2 ( 29... fxe6 30. Nxe6+ { Double attack}  )30.
Rxa6 ( 30. Rd6 $142 { makes it even easier for White}  30... Rc5 31. b4 $18
)30... Rd3 31. Nxb5 ( 31. Nf5 $5 Kg8 32. Rd6 Kh7 $18 )31... Rd2+ $16 32. Kg3
Ne3 ( 32... Rxb2 $5 $142 33. Ra8+ Ke7 34. Ra7+ Kf6 35. Ra6+ Ke7 $16 )33. b4 $18
g5 34. f4 Nxg2 35. fxg5 hxg5 36. Nd6 Nf4 37. Nf5 Ke8 38. Nd6+ ( 38. b5 Kd7 $18
)38... Ke7 $4 { gives the opponent counterplay}  ( 38... Kf8 39. b5 Ke7 40.
Nf5+ Kd7 $18 )39. Ne4 $18 Rg2+ ( 39... Rd3+ $142 40. Kg4 Nxh3 41. Ra7+ Kf8 $18
)40. Kf3 Rg1 41. Nxg5 $1 { Remove defender: g5.}  41... Rf1+ ( 41... Rxg5 42.
Ra7+ { Double attack}  ( 42. Kxf4 { Remove defender} ))42. Kg4 f6 43. Ne4 Nd5
44. Nc5 f5+ ( 44... Rf4+ 45. Kg3 Rc4 46. Na4 $18 )45. Kg3 ( 45. Kg5 { might be
the shorter path}  45... f4 $18 )45... f4+ 46. Kg4 Ne3+ 47. Kg5 Rf2 ( 47... Nc4
{ doesn't do any good}  48. a4 f3 49. Kf4 $18 )48. Ne4 ( 48. Re6+ { and White
can already relax}  48... Kd8 49. a4 Rf1 $18 )48... Rf1 ( 48... Rh2 { doesn't
get the bull off the ice}  49. Ra7+ Kd8 50. h4 $18 )49. b5 f3 50. Rf6 ( 50. Kf4
{ keeps an even firmer grip}  50... Nd5+ 51. Kg3 Re1 $18 )50... Kd7 ( 50... Nd5
51. Rf5 Ke6 52. Rf8 $18 )51. Nd2 ( 51. Nc5+ Ke7 52. Re6+ Kd8 53. Rxe3 Rg1+ 54.
Kh6 f2 $18 )51... Rg1+ 52. Kh4 ( 52. Kh5 $142 { makes it even easier for White}
 52... Ra1 53. Rxf3 Rxa3 $18 )52... Ng2+ ( 52... Ra1 53. Rf7+ Kc8 54. Rxf3 (
54. Nxf3 $6 Rxa3 55. Ne5 Rb3 $18 )54... Rxa3 55. Ne4 $18 )53. Kh5 ( 53. Kg3
$142 { and the result of the game is clear: White will win}  53... Ne1+ 54. Kf2
$18 )53... Rd1 54. Nxf3 Rd5+  1/2-1/2

[Event "Lidums Checkmate Op"]
[Site "Adelaide"]
[Date "2007.07.08"]
[Round "7.24"]
[White "Anderson-Smith, William"]
[Black "Cooke, Tristrom P"]
[Result "1/2-1/2"]
[Annotator "Fritz 10"]
[BlackElo "1549"]
[EventCountry "AUS"]
[EventDate "2007.07.07"]
[EventRounds "7"]
[EventType "swiss"]
[PlyCount "57"]
[WhiteElo "1629"]

{ D10: Slav Defence: 3 cxd5  ( without early Nf3 )  and 3 Nc3 } 1. d4 d5 2. c4
c6 3. Nc3 dxc4 4. a4 e5 5. e3 exd4 6. exd4 Be6 7. Nf3 Be7 ( 7... Nf6 8. Be2 Bb4
( 8... Be7 9. O-O Nbd7 10. Nd2 O-O 11. Nxc4 Nb6 12. Ne5 a5 13. Be3 Re8 14. Kh1
Nbd5 15. Qd2 Bb4 16. Qc1 Qb6 17. Nd3 Bd6 18. Bf3 Rad8 19. Re1 Bb8 20. Nc5 Bf5
21. Qd2 Nxe3 22. Rxe3 Qxc5 23. Rxe8+ { Flanders,C  ( 2046 ) -Ophoff,J  ( 2276 )
/Turin 2006/CBM 113/0-1  ( 32 )}  )9. O-O Nbd7 10. Qc2 a5 11. Re1 O-O 12. Na2
b5 13. Nc3 Bxc3 14. bxc3 Bd5 15. Bf4 Be4 16. Qb2 Nd5 17. Bd6 Re8 18. axb5 cxb5
19. Rec1 N7b6 20. Bg3 b4 21. cxb4 c3 22. Qb3 { Obodchuk,A  ( 2435 ) -Sokolov,I 
( 2647 ) /Poikovsky 2002/CBM 089/0-1  ( 33 )}  )8. Ne5 { White threatens to win
material: Ne5xc4}  8... Bf6 $146 ( 8... Nf6 9. Bxc4 Bxc4 10. Nxc4 Na6 11. O-O
O-O 12. Re1 Nb4 13. Bf4 Re8 14. Be5 Qd7 15. Qb3 Nfd5 16. Rad1 f6 17. Bg3 Bf8
18. Ne4 Re6 19. Nc5 Bxc5 20. dxc5 Rae8 21. Rf1 R8e7 22. Nd6 Re2 23. h3 {
Kamberovic,S  ( 2231 ) -Muslija,I  ( 2237 ) /Opatija 2003/CBM 094 ext/0-1  ( 31
)}  )9. Bxc4 Bxc4 ( 9... Bxe5 $5 10. Bxe6 Bxd4 $11 )10. Nxc4 $14 Ne7 { The
isolani on d4 becomes a target}  11. Be3 { White has an active position}  ( 11.
Ne4 Nc8 12. Qb3 b6 $16 )11... O-O 12. O-O { Black has a cramped position} 
12... Na6 13. Ne4 Nd5 { The knight is not easily driven from d5}  14. Qf3 Qe7
15. Ncd6 { White has an active position}  15... Rad8 { Black threatens to win
material: Rd8xd6}  16. Nf5 { White threatens to win material: Nf5xe7}  16...
Qe6 { White has an active position}  17. Rae1 g6 $2 ( 17... Kh8 $5 $14 $142 {
and Black has air to breath} )18. Nh6+ $18 Kh8 19. Ng4 ( 19. Bg5 $142 Bxg5 20.
Nxg5 $18 )19... Bg7 $11 20. Bg5 ( 20. Bh6 Qf5 21. Qg3 Bxh6 22. Nxh6 Qf4 $11
)20... Rde8 ( 20... f6 21. Bd2 Qf5 $15 )21. Nd2 $4 { letting the wind out of
his own sails}  ( 21. Ne5 Kg8 22. Nd3 Qd7 $11 )21... Qd7 $4 { there were better
ways to keep up the pressure}  ( 21... Qxe1 $5 $142 22. Rxe1 Rxe1+ 23. Nf1 Nac7
$19 )22. Rxe8 ( 22. Ne5 $5 { should be examined more closely}  22... Qc8 23.
Nxf7+ Kg8 24. Nd6 Rxf3 25. Nxf3 Rxe1 26. Nxc8 $11 )22... Qxe8 $15 ( { Not }
22... Rxe8 23. Ne5 Bxe5 24. dxe5 $14 )23. Nf6 Nxf6 ( 23... Qe6 24. Nxd5 Qxd5
25. Qxd5 cxd5 26. Nf3 $11 )24. Bxf6 $11 Qe6 25. Bxg7+ Kxg7 26. Qf4 ( 26. Qc3
Re8 $11 )26... Re8 $15 27. Nf3 Nb4 28. Qd2 { White threatens to win material:
Qd2xb4}  28... Qd6 29. b3  1/2-1/2

[Event "Lidums Checkmate Op"]
[Site "Adelaide"]
[Date "2007.07.08"]
[Round "7.25"]
[White "Whitney, Garth"]
[Black "Dizdarevic, Mehmedalija"]
[Result "0-1"]
[Annotator "Fritz 10"]
[BlackElo "1956"]
[EventCountry "AUS"]
[EventDate "2007.07.07"]
[EventRounds "7"]
[EventType "swiss"]
[PlyCount "38"]
[WhiteElo "1034"]

{ B01: Scandinavian Defence } 1. e4 d5 2. exd5 Nf6 3. Nf3 Qxd5 4. d4 Bg4 5. Be2
Nc6 6. c4 Qh5 7. h3 ( 7. d5 Ne5 8. Qb3 O-O-O 9. Qe3 Bxf3 10. gxf3 e6 11. f4
Bb4+ 12. Bd2 Nxc4 13. Bxc4 Nxd5 14. Bxd5 exd5 15. O-O Bc5 16. Qd3 f5 17. Nc3
Rd6 18. h3 Re8 19. Rae1 Re4 20. Kh2 c6 21. Nxe4 dxe4 { Deev,A  ( 2400 )
-Herbrechtsmeier,C  ( 2280 ) /Germany 1997/GER-chT/0-1  ( 39 )}  )7... O-O-O 8.
d5 ( 8. O-O Nxd4 9. Nxd4 Bxe2 10. Qxe2 Rxd4 11. Qe3 e5 12. Nc3 Bc5 13. Na4 Bb6
14. b3 Rhd8 15. Bb2 Re4 16. Qg3 Re2 17. Bc3 Bd4 18. Qf3 Qxf3 19. gxf3 Nh5 20.
Rad1 Bxf2+ { 0-1 Cabrera Trujillo,J  ( 2116 ) -Sarmiento Alfonso,S  ( 2238 ) /
Las Palmas 2005/CBM 109 ext}  )8... e6 { Black threatens to win material:
e6xd5}  9. Nc3 $146 ( 9. Rh2 Bxf3 10. gxf3 Bb4+ 11. Kf1 exd5 12. Qb3 Rhe8 13.
Be3 d4 14. Bd2 Bxd2 15. Nxd2 Rxe2 16. Kxe2 Qe5+ 17. Kd3 Qxh2 18. c5 Ne5+ 19.
Kc2 d3+ 20. Kc1 Qxf2 21. Qd1 Qxc5+ 22. Kb1 { 0-1 Revesz,K-Lee,M/Oropesa del Mar
1999/CBM 072 ext}  )9... exd5 ( 9... Bxf3 $142 10. Bxf3 Qh4 $15 )10. Nxd5 $2 (
10. O-O $142 { and White could well hope to play on}  10... dxc4 11. hxg4 Nxg4
12. Qa4 $17 )10... Nxd5 $19 11. cxd5 Rxd5 12. Qa4 ( 12. Qb3 Bb4+ 13. Kf1 Rhd8
$19 )12... Bb4+ 13. Bd2 $4 { sad, but how else could White save the game?}  (
13. Kf1 $19)13... Bxd2+ ( 13... Bxf3 $142 { seems even better}  14. O-O Bxe2
15. Bxb4 Bf3 $19 )14. Nxd2 ( 14. Kf1 { the only chance to get some counterplay}
 14... Bb4 15. a3 $19 )14... Bxe2 15. g4 Qe5 16. Rg1 Bf3+ ( 16... Bc4+ 17. Kd1
Qe2+ 18. Kc1 Qxd2+ 19. Kb1 Bd3+ 20. Qc2 Qxc2# )17. Ne4 ( 17. Qe4 { does not
improve anything}  17... Bxe4 18. Nc4 Bg2+ 19. Ne3 Qxb2 20. Rxg2 Qxa1+ 21. Ke2
Re8 22. Kf3 Qf6+ 23. Ke2 Nd4+ 24. Kf1 Qa6+ 25. Kg1 Nf3+ 26. Kh1 Rd1+ 27. Nxd1
Qf1+ 28. Rg1 Qxg1# )17... Bxe4 ( 17... Qxb2 18. Nd6+ Kb8 19. Qxa7+ Nxa7 20.
Nxb7 Qxa1# )18. Rd1 Bf3+ 19. Kf1 Qe2#  0-1